书目信息 |
| 题名: |
多维教程·通达·教师用书
|
|
| 作者: | 张振中 , 姚暨荣 | |
| 分册: | ||
| 出版信息: | 北京 高等教育出版社 2003.07 |
|
| 页数: | 296页 | |
| 开本: | 24cm | |
| 丛书名: | ||
| 单 册: | ||
| 中图分类: | H31 | |
| 科图分类: | ||
| 主题词: | 英语 | |
| 电子资源: | ||
| ISBN: | 7-04-012131-X | |
| 000 | 00617nam0 2200205 450 | |
| 001 | 0536108062 | |
| 005 | 20050331100507.78 | |
| 010 | @a7-04-012131-X@dCNY 30.00 | |
| 100 | @a20050331d2003 km y0chiy0120 ea | |
| 101 | 0 | @achi |
| 102 | @aCN@b110000 | |
| 200 | 1 | @a多维教程·通达·教师用书@Aduo wei jiao cheng·tong da·jiao shi yong shu@f张振中,姚暨荣@Fzhang zhen zhong,yao ji rong |
| 210 | @a北京@c高等教育出版社@d2003.07 | |
| 215 | @a296页@d24cm | |
| 606 | 0 | @a英语 |
| 690 | @aH31@v3 | |
| 701 | 0 | @a张振中@Azhang zhen zhong |
| 701 | 0 | @a姚暨荣@Ayao ji rong |
| 801 | 0 | @aCN@bPFT@c20050331 |
| 905 | @a10447@dH31@eZ2402 | |
| 多维教程·通达·教师用书/张振中,姚暨荣.-北京:高等教育出版社,2003.07 |
| 296页;24cm |
| ISBN 7-04-012131-X:CNY 30.00 |
| ● |
| 相关链接 |
|
|
|
正题名:多维教程·通达·教师用书
索取号:H31/Z2402
 
预约/预借
| 序号 | 登录号 | 条形码 | 馆藏地/架位号 | 状态 | 备注 |
| 1 | 440480 | 204404803 | 语言库209/209语言库 90排4列6层/ [索取号:H31/Z2402] | 在馆 | |
| 2 | 440481 | 204404812 | 语言库209/209语言库 90排4列6层/ [索取号:H31/Z2402] | 在馆 | |
| 3 | 440482 | 204404821 | 语言库209/209语言库 90排4列6层/ [索取号:H31/Z2402] | 在馆 |